000 00997nam a2200325 i 4500
001 53413
003 KOSZ 005
005 20220504113642.0
008 981010s1998 pl f |000 0 pol d
020 _a8320812313
040 _cKOSZ 005
_aKOSZ 005
_dKOSZ 005/HR
041 0 _apol
046 _k1998
080 _a005.574
080 _a(083)
100 1 _aRządca, Robert Artur
_eAutor
245 1 0 _aNegocjacje /
_cRobert A. Rządca, Paweł Wujec.
260 _aWarszawa :
_bPolskie Wydawnictwo Ekonomiczne,
_c1999.
300 _a185, [1] s. ;
_c21 cm.
380 _aKsiążki
388 _a1901-2000
388 _a1989-2000
650 7 _aNegocjacje biznesowe
655 _aPoradnik
658 _aZarządzanie i marketing
700 1 _aWujec, Paweł
_eAutor
710 2 _aPolskie Wydawnictwo Ekonomiczne
_4pbl
856 _uhttp://koha.tu.koszalin.pl/cgi-bin/koha/opac-detail.pl?biblionumber=53413
_yKatalog online BPK
942 _cKS
_2UKD
999 _c53413
_d53413